|
|
|
|
| LEADER |
00000nam a2200000 a 4500 |
| 001 |
vtls001220465 |
| 003 |
SK-MaSNL |
| 005 |
20260301234111.0 |
| 008 |
240318s1996 xo p r y 0 slo |
| 015 |
|
|
|a SNBA1996/1103183
|
| 035 |
|
|
|a SNK000165240
|
| 040 |
|
|
|a SNK
|b slo
|c SNK
|e AACR2
|
| 041 |
0 |
|
|a slo
|
| 044 |
|
|
|a xo
|c SK
|
| 080 |
|
|
|a 636.5(047)
|2 1981
|
| 100 |
1 |
|
|a Jamborová, Mária
|4 aut
|9 7144
|
| 245 |
1 |
0 |
|a Hydina a vajcia
|b situačná a výhľadová správa
|c [autor: Mária Jamborová]
|
| 260 |
|
|
|a Bratislava
|b Výskumný ústav ekonomiky poľnohospodárstva a potravinárstva
|b Ministerstvo pôdohospodárstva SR
|c 1996
|
| 300 |
|
|
|a 17 s.
|b Tab.
|c 30 cm
|
| 500 |
|
|
|a Údaj o aut. prevzatý z rubu tit. strany
|
| 650 |
0 |
7 |
|a hydina
|2 SNK
|9 2747
|
| 650 |
0 |
7 |
|a vajcia
|x správy
|2 SNK
|9 629621
|
| 655 |
|
7 |
|a príručky
|2 SNK
|9 74364
|
| 958 |
|
|
|a TL
|
| 958 |
|
|
|a BQ
|
| 999 |
|
|
|c 968910
|d 970840
|
| 952 |
|
|
|t P60, <03>, [BOOK], {603}
|a SNK
|b SNK
|y PREZ
|7 0
|p 17A0010243
|o snkOSB 11066
|i snkKSP 7522/96
|0 0
|1 0
|4 0
|d 1996-09-18
|l 0
|r 2005-01-01 00:00:00
|w 2026-02-24
|
| 952 |
|
|
|t P60, <04>, [BOOK], {604}
|a SNK
|b SNK
|y VYP
|7 0
|p 17A0010079
|o snkOSB 11066 D1
|i snkKSP 7666/96
|0 0
|1 0
|4 0
|d 1996-09-19
|l 0
|r 2005-01-01 00:00:00
|w 2026-02-24
|